LEADER 00932nam0 22002651i 450 001 UON00327367 005 20231205104206.95 010 $a978-35-18-42052-2 100 $a20090723d2009 |0itac50 ba 101 $ager 102 $aDE 105 $a|||| 1|||| 200 1 $aRebus$eGedichte$fHans Magnus Enzensberger 210 $aFrankfurt am Main$cSuhrkamp$d2009 215 $a120 p.$d25 cm. 620 $aDE$dFrankfurt am Main$3UONL003175 676 $a831.9$cPoesia tedesca. 1900-$v21 700 1$aENZENSBERGER$bHans Magnus$3UONV017715$066292 712 $aSuhrkamp$3UONV260759$4650 801 $aIT$bSOL$c20240220$gRICA 899 $aSIBA - SISTEMA BIBLIOTECARIO DI ATENEO$2UONSI 912 $aUON00327367 950 $aSIBA - SISTEMA BIBLIOTECARIO DI ATENEO$dSI TED 26 I ENZ $eSI LO 73051 7 996 $aRebus$91368525 997 $aUNIOR